|
|
|
|
| LEADER |
00000nam1a2200000 4500 |
| 001 |
228414 |
| 005 |
20231101230856.0 |
| 010 |
|
|
|a 5203008671
|
| 020 |
|
|
|a RU
|b 90-29180
|
| 035 |
|
|
|a (RuTPU)RU\TPU\book\248885
|
| 090 |
|
|
|a 228414
|
| 100 |
|
|
|a 20121219d1990 k y0rusy5003 ca
|
| 101 |
0 |
|
|a rus
|
| 200 |
1 |
|
|a Варшавский Договор: история и современность
|f под ред. П. Г. Лушева
|
| 210 |
|
|
|a Москва
|c Воениздат
|d 1990
|
| 215 |
|
|
|a 256 с.
|d 22 см
|
| 300 |
|
|
|a Авт. указаны на обороте тит. л.
|
| 606 |
1 |
|
|a Варшавский Договор 1955 г.
|2 stltpush
|3 (RuTPU)RU\TPU\subj\2072
|9 30696
|
| 606 |
1 |
|
|a Вооруженные силы
|x Социалистических стран
|2 stltpush
|3 (RuTPU)RU\TPU\subj\3692
|9 32070
|
| 610 |
1 |
|
|a военно-политический союз
|
| 610 |
1 |
|
|a социалистические страны
|
| 610 |
1 |
|
|a объединенные вооруженные силы
|
| 610 |
1 |
|
|a военная доктрина
|
| 610 |
1 |
|
|a военная угроза
|
| 610 |
1 |
|
|a противодействие
|
| 686 |
|
|
|a Ц4,6
|v LBC/SL-A
|2 rubbk
|
| 686 |
|
|
|a Ф4(0)63
|v LBC/SL-A
|2 rubbk
|
| 702 |
|
1 |
|a Лушев
|b П. Г.
|g Петр Георгиевич
|4 340
|
| 801 |
|
0 |
|a RU
|b RuMRKP
|c 19950417
|g psbo
|
| 801 |
|
1 |
|a RU
|b 63413507
|c 20121219
|
| 801 |
|
2 |
|a RU
|b 63413507
|c 20130211
|g RCR
|
| 942 |
|
|
|c BK
|